| Tag |
First Indicator |
Second Indicator |
Subfields |
| LEADER |
00000cam a2200000Ia 4500 |
| 001 |
in00002388721 |
| 005 |
20210810090823.0 |
| 006 |
m | d | |
| 007 |
cr cn||||||||| |
| 008 |
070425s2007 gw a sb 001 0 eng d |
| 020 |
|
|
|a 352761009X
|
| 020 |
|
|
|a 9783527610099
|
| 035 |
|
|
|a (OCoLC)123502088
|
| 035 |
|
|
|a (OCoLC)ocn123502088
|
| 037 |
|
|
|a 10.1002/9783527610099
|b Wiley InterScience
|n http://www3.interscience.wiley.com
|
| 040 |
|
|
|a DG1
|c DG1
|d UtOrBLW
|
| 049 |
|
|
|a TEFA
|
| 050 |
1 |
4 |
|a QR175
|b .P76 2007eb
|
| 070 |
1 |
|
|a QR175
|b .P76 2007
|
| 082 |
0 |
4 |
|a 579.165
|2 22
|
| 245 |
0 |
0 |
|a Proteomics of microbial pathogens /
|c edited by Peter R. Jungblut and Michael Hecker.
|
| 264 |
|
1 |
|a Weinheim :
|b Wiley-VCH Verlag GmbH & Co. KGaA,
|c [2007]
|
| 264 |
|
4 |
|c ©2007
|
| 300 |
|
|
|a xvi, 326 pages :
|b illustrations (some color ) ;
|c 25 cm.
|
| 336 |
|
|
|a text
|b txt
|2 rdacontent
|
| 337 |
|
|
|a computer
|b c
|2 rdamedia
|
| 338 |
|
|
|a online resource
|b cr
|2 rdacarrier
|
| 500 |
|
|
|a Electronic resource.
|
| 504 |
|
|
|a Includes bibliographical references and index.
|
| 533 |
|
|
|a Electronic reproduction.
|b Hoboken, N.J. :
|c Wiley InterScience,
|d 2007.
|n Mode of access: World Wide Web.
|n System requirements: Web browser.
|n Title from title screen (viewed on Apr. 24, 2007).
|n Access may be restricted to users at subscribing institutions.
|
| 650 |
|
0 |
|a Pathogenic microorganisms
|v Identification.
|0 http://id.loc.gov/authorities/subjects/sh85084745
|
| 650 |
|
0 |
|a Pathogenic microorganisms.
|0 http://id.loc.gov/authorities/subjects/sh85084744
|
| 650 |
|
0 |
|a Proteomics.
|0 http://id.loc.gov/authorities/subjects/sh2002000814
|
| 650 |
|
0 |
|a Virulence (Microbiology)
|0 http://id.loc.gov/authorities/subjects/sh85143817
|
| 655 |
|
0 |
|a Electronic books.
|
| 655 |
|
7 |
|a Electronic books.
|2 local
|
| 700 |
1 |
|
|a Hecker, M.
|q (Michael)
|0 http://id.loc.gov/authorities/names/nb2003073288
|
| 700 |
1 |
|
|a Jungblut, Peter R.
|
| 710 |
2 |
|
|a Wiley InterScience (Online service)
|0 http://id.loc.gov/authorities/names/no00037213
|
| 776 |
1 |
|
|c Original
|z 9783527317592
|z 3527317597
|w (OCoLC)80331478
|
| 856 |
4 |
0 |
|u http://proxy.library.tamu.edu/login?url=https://dx.doi.org/10.1002/9783527610099
|z Connect to the full text of this electronic book
|t 0
|
| 994 |
|
|
|a C0
|b TEF
|
| 999 |
|
|
|a MARS
|
| 999 |
f |
f |
|s 113209ef-f09c-3eb0-a6f5-40e94fc42338
|i 40f20bc3-3fab-31d6-90e2-ceb568d3b0bc
|t 0
|
| 952 |
f |
f |
|a Texas A&M University
|b College Station
|c Electronic Resources
|d Available Online
|t 0
|e QR175 .P76 2007eb
|h Library of Congress classification
|
| 998 |
f |
f |
|a QR175 .P76 2007eb
|t 0
|l Available Online
|